HAPI. Hispanic American periodicals index /
Salvato in:
| Autore principale: | |
|---|---|
| Enti autori: | , |
| Natura: | testo |
| Pubblicazione: |
California:
UCLA
|
| Tags: |
Aggiungi Tag
Nessun Tag, puoi essere il primo ad aggiungerne!!
|
MARC
| LEADER | 00000 a a2200000 04500 | ||
|---|---|---|---|
| 001 | 23411 | ||
| 003 | |||
| 040 | |||
| 090 | |a 163000 |b REFERENCIA | ||
| 100 | |a G. Valk, Barbara | ||
| 110 | |a UCLA | ||
| 245 | |a HAPI. Hispanic American periodicals index / |c UCLA | ||
| 260 | |a California: |b UCLA | ||
| 300 | |a 735 p | ||
| 710 | |a Latin American Center Publications |a University of California, Los Angeles | ||
| 999 | |c 9988 |d 9988 | ||
